| 000 | 00340nam a2200145Ia 4500 | ||
|---|---|---|---|
| 005 | 20251222175941.0 | ||
| 008 | 251222s9999||||xx |||||||||||||| ||spa|| | ||
| 020 | _a8450544343 | ||
| 082 | _a625.23/S45 | ||
| 100 | _aSevilla Bonilla, José Julio | ||
| 245 | 0 | _aTren de CercanÃas | |
| 250 | _a1ra.ed. | ||
| 264 | _bAlicante | ||
| 942 | _cLIB | ||
| 999 |
_c41365 _d41365 |
||